| 000 | 04206nam0a2200361 4500 | ||
|---|---|---|---|
| 001 | RU\NLR\BIBL_A\022639837 | ||
| 005 | 20260408231501.0 | ||
| 010 |
_a978-5-6052085-9-4 _919 |
||
| 035 | _a(NLR Aleph) 022639837 | ||
| 090 |
_a13509701 _c13509701 |
||
| 100 | _a20251009d2025 k y0rusy50 ca | ||
| 101 | 0 |
_arus _deng |
|
| 102 | _aRU | ||
| 105 | _aac z 100zy | ||
| 181 | 0 |
_ai3 _baxxe |
|
| 182 | 0 | _an | |
| 200 | 1 |
_aСовершенствование работы профессорско-преподавательского состава, командиров подразделений по обеспечению безопасной эксплуатации вооружения, военной и специальной техники и соблюдению требований безопасности при проведении занятий. Обобщение и распространение положительного опыта по проблемам обучения и воспитания курсантов (студентов, учащихся), привития им командных и методических качеств (соответствующих компетенций) _eмежвузовская научно-практическая конференция _eсборник научных статей _f[Росгвардия], Новосибирский военный ордена Жукова институт имени генерала армии И.К. Яковлева войск национальной гвардии Российской Федерации _g[редакторы-составители: Тухватуллин Булат Талирович и др.] |
|
| 203 |
_aТекст _bвизуальный _cнепосредственный |
||
| 210 |
_aНовосибирск _cНВИ войск национальной гвардии _d2025 |
||
| 215 |
_a394 с. _cил., портр. _d20 |
||
| 300 | _aРез. ст. на англ. яз. | ||
| 320 | _aБиблиогр. в конце ст. | ||
| 517 | 1 | _aОбобщение и распространение положительного опыта по проблемам обучения и воспитания курсантов (студентов, учащихся), привития им командных и методических качеств (соответствующих компетенций) | |
| 606 |
_aВысшие военно-учебные заведения войск национальной гвардии _xПрофессора и преподаватели _xПрофессиональная деятельность _jСъезды, совещания и т.п _3RU\NLR\AUTH\6601763904 _92690118 |
||
| 686 | 1 | _aЦ4,6(2Р)397.1-4я431(2) | |
| 702 | 1 |
_aТухватуллин _bБ. Т. _gБулат Талирович _4220 |
|
| 711 | 1 | 2 |
_a"Совершенствование работы профессорско-преподавательского состава, командиров подразделений по обеспечению безопасной эксплуатации вооружения, военной и специальной техники и соблюдению требований безопасности при проведении занятий. Обобщение и распространение положительного опыта по проблемам обучения и воспитания курсантов (студентов, учащихся), привития им командных и методических качеств (соответствующих компетенций)", межвузовская научно-практическая конференция _f2024 _eНовосибирск _3RU\NLR\AUTH\880632596 _92681252 |
| 712 | 0 | 2 |
_4475 _aНовосибирский военный институт войск национальной гвардии им. И. К. Яковлева _3RU\NLR\AUTH\880461547 _9585699 |
| 942 | _cBOOK | ||
| 980 | _aNB | ||